000 00825nam2a2200205 4500
001 RU\NLR\PER_A\012246788_000210
005 20250624041510.0
035 _a(NLR Aleph) 012461730
090 _a12028953
_c12028953
100 _a20210226d2020 |||y0rusy50 ca
101 0 _arus
102 _aRU
200 0 _a2020, № 9 (9)
210 _d2020
_aБ. м.
461 0 _1001RU\NLR\BIBL_A\012246788
_12001#$aМульт$eжурнал$eиздание для досуга$eдля детей дошкольного возраста$v2020, № 9 (9)
_911060628
_cМосква
_d2020 -
_nЛев
_oжурнал : издание для досуга : для детей дошкольного возраста
_tМульт
_x2686-861Х
_v2020, № 9 (9)
852 _aNLR
_jП29/2160
942 _cISSUE
980 _aNB
980 _aRUSPER